English Vocabulary - Statistics

General Stats
  • This quiz has been taken 93 times
    78 since last reset
  • The average score is 21 of 32
Answer Stats
Answer % Correct
box-office hit
93%
award winning
87%
Interval
87%
sold out
87%
Catchy
80%
let-down
80%
long-running
80%
overrated
80%
queue
80%
appeal to
73%
cheer
73%
out of this world
73%
be in the limelight
67%
Feel Down
67%
Following
67%
emotions run high
60%
expenses
60%
indescribable
60%
release
60%
Tend to
60%
went all out
60%
dozens of
53%
fit in
53%
runs the show
53%
understatement
53%
worth seeing
53%
hit the big time
47%
made an appearance
47%
on the edge of your seat
47%
behind the scenes
40%
star studded event
40%
the show must go on
40%
No matching quizzes found
Score Distribution
Percent of People with Each Score
Percentile by Number Answered
Your Score History
You have not taken this quiz since the last reset